'ing' Movies Quiz Stats

 Plays Quiz Updated Jan 22, 2015

Score 0/24 Timer 05:00
0 Plays Today
Movie % Correct
... NemoFinding Nemo
98.8%
... Private RyanSaving Private Ryan
96.3%
... with ScissorsRunning with Scissors
91.3%
... Tiger, Hidden DragonCrouching Tiger, Hidden Dragon
88.2%
... in Cars with BoysRiding in Cars with Boys
86.3%
... Miss DaisyDriving Miss Daisy
86%
... SaddlesBlazing Saddles
73.1%
... LanesChanging Lanes
70.1%
... to ExhaleWaiting to Exhale
69.8%
... Las VegasLeaving Las Vegas
66.6%
... ArizonaRaising Arizona
62.4%
... BullRaging Bull
59.6%
Movie % Correct
... My WayGoing My Way
57.1%
... HeightsWuthering Heights
56%
... the StoneRomancing the Stone
55.2%
... AmyChasing Amy
52.5%
... PlacesTrading Places
50%
... HomeComing Home
35.3%
... JuliaBeing Julia
35.1%
... for Mr GoodbarLooking for Mr Goodbar
34.6%
... RitaEducating Rita
18.9%
... the WavesBreaking the Waves
14.7%
... GirlWorking Girl
14.5%
... RoseRambling Rose
8%

You're not logged in!

Compare scores with friends on all Sporcle quizzes.
OR
Log In

Sporcle TV

Today on Sporcle TV


Watch our educational content, quiz creation guides, and fun videos on Sporcle TV.

Show Comments

Extras

Top Quizzes Today


Score Distribution

Your Account Isn't Verified!

In order to create a playlist on Sporcle, you need to verify the email address you used during registration. Go to your Sporcle Settings to finish the process.

Report this User

Report this user for behavior that violates our Community Guidelines.

Details: